<?xml version="1.0" encoding="UTF-8"?>
<collection xmlns="http://www.loc.gov/MARC21/slim">
 <record>
  <leader>00442pamaa2200145   4500</leader>
  <controlfield tag="001">0000021897</controlfield>
  <controlfield tag="005">20090930090000.0</controlfield>
  <datafield tag="020" ind1="0" ind2="0">
   <subfield code="a">0803958579 </subfield>
  </datafield>
  <datafield tag="082" ind1=" " ind2=" ">
   <subfield code="a">658.83 MCQ</subfield>
  </datafield>
  <datafield tag="090" ind1="0" ind2="0">
   <subfield code="a">HF5415.2 </subfield>
   <subfield code="b">MCQ 1996</subfield>
  </datafield>
  <datafield tag="100" ind1="1" ind2="0">
   <subfield code="a">MCQUARRIE </subfield>
  </datafield>
  <datafield tag="245" ind1="1" ind2="4">
   <subfield code="a">The market research toolbox : </subfield>
   <subfield code="b">a concise guide for beginners  </subfield>
   <subfield code="c">Edward F. McQuarrie.</subfield>
  </datafield>
  <datafield tag="260" ind1="0" ind2="0">
   <subfield code="a">Thousands Oaks: </subfield>
   <subfield code="b">Sage Pub., </subfield>
   <subfield code="c">1996.</subfield>
  </datafield>
  <datafield tag="300" ind1=" " ind2=" ">
   <subfield code="a">xviii, 154p.; </subfield>
   <subfield code="c">23cm.</subfield>
  </datafield>
  <datafield tag="650" ind1="0" ind2="0">
   <subfield code="a">Marketing research -- </subfield>
   <subfield code="x">Methodology </subfield>
  </datafield>
 </record>
</collection>
